| 000 | 00552nam a2200241Ia 4500 | ||
|---|---|---|---|
| 008 | 210210b2015 xxu||||| |||| 00| 0 eng d | ||
| 020 | _a9789350240892 | ||
| 041 | _aeng | ||
| 082 | _a576 POWG | ||
| 100 | _aPOWAR (C B) | ||
| 245 | _aGeneral microbiology Vol I Ed. 2 | ||
| 250 | _a | ||
| 260 |
_aNew Delhi _bHimalaya Publishing House _c2015 |
||
| 300 | _a659 | ||
| 440 | _a1 | ||
| 650 | _aVol | ||
| 650 | _amicrobiology | ||
| 650 | _aI | ||
| 650 | _aGeneral | ||
| 690 | _aMicrobiology | ||
| 700 | _aDAGINAWALA (H F). | ||
| 906 | _a074430 | ||
| 999 |
_c125162 _d125162 |
||